Statistics for Friends TV Show Quiz

Click here to take the quiz!

General Stats

  • This quiz has been taken 9,672 times
  • The average score is 13 of 15

Answer Stats

Hint Answer % Correct
main Character- Obsessive and neat- chefMonica
100%
main character- waitress then goes on to work in fashionRachel
99%
main character- jokey, has a computer job until quits and goes to advertisingChandler
99%
main character- paleontologist, 3 divorces by the end, brother of another main characterRoss
99%
main character- actorJoey
98%
the place the characters hang out inCentral Perk
98%
main character- masseure, mom killed herselfPhoebe
96%
manager/ main employee of central perkGunther
92%
rachel's and ross' childEmma
92%
phoebe's main song- about a catSmelly Cat
89%
where do Monica and Chandler first get together?London
87%
who did rachel leave at the altar?Barry
80%
who does phoebe marry?Mike
71%
the number of the apartment that rachel and monica (mainly) live in20
53%
monica and ross' parents namesJudy and Jack
39%

Score Distribution

Percentile by Number Answered

Percent of People with Each Score

Your Score History

You have not taken this quiz